000 00484 a2200193 4500
005 20260128105226.0
008 260127b |||||||| |||| 00| 0 eng d
020 _a9788183768801
_cRs. 1895.00
040 _aMAIN
082 _a304.6
_bN292D
100 _aNeelam, Kumari
245 _aDemography principles
260 _bABD Publishers
_c2024
_aJaipur
300 _aviii, 296
650 _aSocial Sciences
650 _aSocial Behaviour
650 _aDemography
942 _cBK
999 _c394421
_d394421